000 00455nam a2200157Ia 4500
008 220216s9999 xx 000 0 und d
100 _aLoke K M
245 0 _aProposed changes to the standard Malaysian rubber scheme and its control
260 _bProceedings of the RRIM Planters Conference, Kuala Lumpur, 1977; p337-352
650 _aSMR
700 _aAmlir Aziz
700 _aOng C T
700 _aRama Rao P S
700 _aTan C T
942 _cJS
999 _c66009
_d66009